00746nam a2200241Ia 4500999001500000020001800015082001600033100002200049245003800071260002800109300001100137440004200148504004800190650001600238650001800254650001700272650002800289650001800317700002000335700001800355942000700373952012400380 c4518d4518 a0-415-32655-9 a340.11 GLO- aSampford, Charles 0aGlobalisation and the rule of law aLondonbRoutledgec2005 ax, 222 aRoutledge challenges of globalisation aincludes bibliographical refences and index aRule of law aGlobalisation aHuman rights aSecurity, International aGlobalization aZifcak, Spencer aPatapan, Haig cBK 00104070aNASSDOCbNASSDOCd2006-01-20eAAKARi2005-09-27l0o340.11 GLO-p41220r2019-04-18 00:00:00w2019-04-18yBK